Statistics for American Junk Food Brands #2

Click here to take the quiz!

General Stats

  • This quiz has been taken 27,800 times
  • The average score is 13 of 22

Answer Stats

DescriptionBrand% Correct
Taste the rainbowSkittles
91%
Cheesy snack with a cheetah mascotCheetos
81%
Candy with fun dispensersPez
76%
Candy bar that "satisfies"Snickers
76%
Buy me some peanuts and...Cracker Jack
75%
Candy that violently reacts with Diet CokeMentos
72%
Chips used as Taco Bell shellsDoritos
71%
How many licks does it take
to get to the center?
Tootsie Pops
70%
Popular gourment jelly beansJelly Belly
69%
Melts in your mouth, not in your handM&M's
69%
Carbonated candy
that fizzes in your mouth
Pop Rocks
69%
Best-selling type of Girl Scout cookieThin Mints
61%
Peanut-shaped cookie with
peanut butter filling
Nutter Butter
54%
Bill Cosby's favorite brand of puddingJell-O
53%
Scandinavian seafood?Swedish Fish
52%
Candy bar, or a person who can't catchButterfinger
44%
Mint, or mountain rangeAndes Mints
42%
Corn chips, or musical instrumentBugles
39%
Gum, or rocket launcherBazooka
38%
Hershey bar plus peanutsMr. Goodbar
35%
Nuclear-hot candy ballAtomic Fireball
31%
It's okay to eat them in bed, because
they're not technically cookies
Fig Newtons
12%

Score Distribution

Percentile by Number Answered

Percent of People with Each Score

Your Score History

You have not taken this quiz